00863nam a2200205Ia 4500003000900000008004100009040001600050080002100066111008900087245021900176260003500395300001500430490006400445650004100509650001700550650002400567650001200591700002500603710002900628IN-BaIIA211028s9999 xx 000 0 eng d cIIA Library a063:53bENF-39.1 aConference of International School of Physics "Enrico Fermi"cItalyd1966 July 11-30 0aPlasma astrophysicsbproceedings of the International School of Physics "Enrico Fermi" Uarenna on Lake Como Villa Monastero 11th - 30th July 1966cedited by Sturrock P. A.  aNew YorkbAcademic Pressc1967 axvi, 364p. aInternational School of Physics "Enrico Fermi" Course v. 39 aAstronomy and Astrophysics Thesaurus aAstrophysics aPlasma Astrophysics aPlasmas aSturrock, P. A., ed. aItalian Physical Society